[Geometry Dash] Unrated Demonlist - Statistics

General Stats
  • This quiz has been taken 16 times
    12 since last reset
  • The average score is 16 of 75
Answer Stats
# Creator Verifier Level % Correct
3 sincos seels55 Aquamarine
89%
6 OddMod Zoink Ashley Wave Trials
89%
2 Nick24 ad3usgmd Sakupen circles
89%
1 Optic Sunflow Glow SARY NEVER CLEAR
89%
8 Zylenox Cursed Exens limit
78%
5 Exen Dils thik Abyss of Darkness
67%
7 Akunakunn DiamondSplash Based After Based
67%
11 Sailent Whizkid05 Silent poltergeist
67%
13 Viprin Zoink Yatagarasu
67%
12 BIANOX nebnoob Zodiac
67%
43 IcEDCave UFWM Crystal Edge
56%
18 DarkX paqoe Element 111 Rg
56%
15 TeamTheDashers Zoink Through The Gates
56%
22 zander12 LordVadercraft Centipede
44%
4 Sevant Sevant Diabolic Clubstep
44%
19 cherryteam Trick KOCMOC
44%
17 Bradenbowl Bradenbowl Blind Blizzard
33%
53 Riot AGSEcho Buffbath
33%
49 Surjaco LordVadercraft RUTHLESS
33%
16 Bradenbowl Bradenbowl Sightless Sandstorm
33%
41 IcEDCave Tuggy Stellar Night
33%
9 PPPixel PPPixel WOKE circles
33%
28 GDVirus KrNati Battle of the Shades
22%
32 Hyperbola Hyperlith ETERNALtheory
22%
27 Serpentical Serpentical M I S F O R T U N E
22%
34 Relayne noname228gg Riots Demise
22%
14 Kaito Eandis True Innards
22%
10 KYWY ROZE wocky circles
22%
60 Clara Clara Abicto
11%
63 Clara Clara Abocto
11%
74 Mattsstuff ShadowMyth Acid Rain
11%
64 ElectroMario2001 SeptaGon7 Cyclone Machine
11%
67 GmdCubercube fusion425 Disturb
11%
73 foopoa Destroyer Fracture
11%
26 Unbipentium w3rty Hazard Duty Pay
11%
66 Serpentical Serpentical iridescent
11%
72 AVALANCHA121 LordVadercraft Katarsis
11%
48 Swib Dragoon Levigo
11%
21 Yossarian seels55 Map of Problematique
11%
23 GammaReXx Helix Natural Disaster
11%
20 ReeseVT Laniakea NOMAD
11%
75 Nymf GDMeric p00p
11%
24 CriedEx nensa Sakupen Circles FI
11%
62 Koopi Glow Theory of Darkness
11%
54 HangerLord Helix The Wonder of You
11%
51 ElectroMario2001 mewtwo557 Aftermath v2
0%
40 Bangaled TFIBB Armageddon Tarnish
0%
36 wabas Scotchtape BRITNEY NO SCLEARS
0%
35 Etheriall Wooshi DEATHWISH
0%
59 gdmiracle Glow Dreamopolis
0%
58 SumoMonke Karmakaze E N D
0%
56 noshitgamezz veshel Eternal Flame
0%
69 SlendStone Ronrjkw Exceptional
0%
45 narkify Infinny FEMBOY FRIDAY
0%
65 talbo CHOOONK fladge
0%
68 Oktavion lsdlsdlsdlsd Fracture Circles
0%
44 YoGurt4 turtl Funky Amalgamation
0%
47 YouknowwhoGD fusion425 Heavenly Sakupen
0%
25 Bedrock CaveMelv Itsumade
0%
30 zYuko Scotchtape Kyoto
0%
38 SyQual DNM121 Lunatic Eyes
0%
29 Bemq Airi~ Make Paul Dance
0%
31 zYuko TFIBB Moonflower
0%
52 elpitosGD manu Nautical Nebula
0%
33 praivet Albert Netherix
0%
42 sprei rinjello No Love
0%
57 zYuko zLevii Plastic Death
0%
61 Bimms ZazaGD ROCKBOTTOM
0%
55 fusion425 fusion425 Skystrike
0%
46 HangerLord fusion425 Spectrolux
0%
37 Cersia Slithium The Catacombs
0%
50 VxMaster VxMaster The Only Wish
0%
70 pla Dragoon THE ROCK HOUSE
0%
39 Laranjoo Mariner TrakineS
0%
71 fwflygon14 dizbro True evil
0%
No matching quizzes found
Score Distribution
Percent of People with Each Score
Percentile by Number Answered
Your Score History
You have not taken this quiz since the last reset